| 000 | 00763nam a22003250a 4500 | ||
|---|---|---|---|
| 001 | PT40375 | ||
| 003 | AR-LpoUNG | ||
| 005 | 20210131230739.0 | ||
| 008 | 191001s2010||||ag |||||||||||||||||spa d | ||
| 020 |
_a9789875661004 _c$2 |
||
| 040 |
_aAR-LpoUNG _bspa _cAR-LpoUNG _eaacr |
||
| 041 | _aspa | ||
| 044 | _aag | ||
| 082 | 0 | _aA863 955mis | |
| 100 | 1 | _aMujica Lainez, Manuel | |
| 245 | 1 | 0 | _aMisteriosa Buenos Aires |
| 250 | _a8ยง ed. | ||
| 260 |
_aBuenos Aires : _bDebolsillo, _c2010. |
||
| 300 |
_a286 p. : _bil. |
||
| 650 | 4 | _aAMERICA LATINA | |
| 650 | 4 | _aARGENTINA | |
| 650 | 4 | _aDRAMA | |
| 650 | 4 | _aHISTORIA | |
| 650 | 4 | _aLITERATURA | |
| 651 | 4 | _aArgentina | |
| 653 | _aCUENTOS | ||
| 653 | _aNARRATIVA | ||
| 905 | _a40375 | ||
| 942 | _cLSALA | ||
| 999 |
_c5923 _d5923 |
||